Sultan Qaboos University medical journal

Bibliographic Details
Previous Title:Journal for scientific research. Medical sciences
Corporate Author: Jāmiʻat al-Sulṭān Qābūs
Format: Electronic Journal
Language:English
Published: [Muscat] : Sultan Qaboos University, [2006]-
Subjects:
Online Access:Full text available from Research Library: 02/01/2016 to present

MARC

LEADER 00000nas a2200000 a 4500
001 ssj0000387615
003 WaSeSS
005 20200512172242.0
006 m d
007 cr n
008 091123c20069999mk qr p s 0 0engoc
010 |a  2013263073 
022 |a 2075-0528  |y 2075-051X 
035 |a (WaSeSS)ssj0000387615 
037 |b Sultan Qaboos University, College of Medicine, PO Box 35 Al-Khod, Muscat 123 Oman 
040 |a QE2  |b eng  |c QE2  |d TXA  |d OCLCQ  |d TXA  |d OCLCA  |d IUL  |d OCLCF  |d OCLCO  |d OCLCQ  |d OCLCO  |d BUF  |d LND  |d CASUM  |d AU@  |d OCLCO  |d WYU  |d WaSeSS 
041 0 |a eng  |b ara 
042 |a pcc 
043 |a a-mk--- 
050 1 4 |a R5  |b .J68 
060 0 0 |a W1  |b SQ2 
210 0 |a Sultan Qaboos Univ. med. j.  |b (Online) 
222 0 |a Sultan Qaboos University medical journal  |b (Online) 
245 0 0 |a Sultan Qaboos University medical journal  |h [electronic resource]. 
246 1 |a SQU Med J 
246 1 |a SQUMJ 
260 |a [Muscat] :  |b Sultan Qaboos University,  |c [2006]- 
310 |a Quarterly,  |b 2013- 
321 |a Three times a year,  |b 2007-2012 
321 |a Two issues yearly,  |b 2006 
362 1 |a Began with: Vol. 6, no. 1 (June 2006). 
506 |a License restrictions may limit access. 
546 |a In English, abstracts also in Arabic. 
588 |a Description based on: Vol. 6, no. 1 (June 2006); title from PDF article header (Sultan Qaboss University web site, viewed May 23, 2011). 
588 |a Latest issue consulted: Vol. 13, Iss. 3 (August 2013); (publisher's Web site, viewed August 20, 2013). 
650 0 |a Medicine  |v Periodicals. 
650 0 |a Medicine  |z Oman  |v Periodicals. 
650 7 |a Medicine.  |2 fast  |0 (OCoLC)fst01014893 
650 1 2 |a Medicine  |v Periodicals. 
651 7 |a Oman.  |2 fast  |0 (OCoLC)fst01212768 
651 4 |a Oman. 
655 0 |a Electronic journals. 
710 2 |a Jāmiʻat al-Sulṭān Qābūs. 
776 0 8 |i Print version:  |t Sultan Qaboos University medical journal  |x 2075-051X  |w (DLC) 2012243253  |w (OCoLC)781424626 
780 0 0 |t Journal for scientific research. Medical sciences  |x 1729-9810  |w (DLC) 2011263198  |w (OCoLC)456242298 
856 4 0 |z Full text available from Research Library: 02/01/2016 to present  |u https://search.proquest.com/publication/2046015